000 00582nam a2200241 a 4500
001 nice12345678
003 IN_TiNIC
005 20260116012629.0
008 050524s1957 mica grp 000 0 eng
020 _a
_c19.8
082 0 0 _a220.6
_bBRO
100 _aBromall, Wick
245 _aBiblical Criticism
260 _aMichigan
_bWick Broomall
_c1957
300 _a320p
500 _aincludes index and biblioraphy
505 2 _aBibliography
650 _aBible-Criticism & Interpretation
700 1 _aBromall, Wick
902 _bSRS
942 _cBK
999 _c7736
_d7736